00278nam a22001217a 4500003000400000082001700004100002400021245004200045250001300087260001600100300000800116650003200124SGT a617.69bS91P aPhillips, Ralph W>  aSkinner's Science of Dental Materials a9th Ed.  bPrism c199 a597 aDental Materials; Dentistry